00338nam a2200133Ia 4500008004100000041000800041082001400049100002100063245003200084250001400116260003500130300003200165365000700197240624s9999 xx 000 0 und d aeng a658.3 DRA aDRAFKE MICHAEL W aHUMAN SIDE OF ORGANIZATIONS a(8th ed.) c2002aNew DelhibPrentice-Hall axxxi, : 528 : p. : cm. ; 24 cRS